Miasta w województwie śląskim po powiatach ziemskich - Statystyki

Ogólne statystyki
  • Ten quiz został rozwiązany 9 razy
  • Średni wynik to 49 z 75
Statystyki odpowiedzi
lp. Populacja Miasto % Poprawnych
1 59 000 Będzin
100%
1 166 000 Bielsko-Biała
100%
1 19 000 Bieruń
100%
4 148 000 Bytom
100%
8 100 000 Chorzów
100%
1 36 000 Cieszyn
100%
2 35 000 Czechowice-Dziedzice
100%
1 206 000 Częstochowa
100%
1 170 000 Gliwice
100%
9 87 000 Jaworzno
100%
1 279 000 Katowice
100%
1 12 000 Kłobuck
100%
2 16 000 Lędziny
100%
1 42 000 Mikołów
100%
1 29 000 Myszków
100%
14 52 000 Piekary Śląskie
100%
1 25 000 Pszczyna
100%
1 56 000 Racibórz
100%
1 131 000 Rybnik
100%
2 187 000 Sosnowiec
100%
1 61 000 Tarnowskie Góry
100%
6 122 000 Tychy
100%
2 16 000 Ustroń
100%
4 11 000 Wisła
100%
1 45 000 Wodzisław Śląski
100%
3 154 000 Zabrze
100%
1 52 000 Zawiercie
100%
1 30 000 Żywiec
100%
7 113 000 Dąbrowa Górnicza
86%
1 23 000 Lubliniec
86%
11 71 000 Mysłowice
86%
12 63 000 Siemianowice Śląskie
86%
3 13 000 Skoczów
86%
15 45 000 Świętochłowice
86%
2 34 000 Czeladź
71%
2 27 000 Czerwionka-Leszczyny
71%
10 82 000 Jastrzębie-Zdrój
71%
4 7 000 Miasteczko Śląskie
71%
2 16 000 Radzionków
71%
5 130 000 Ruda Śląska
71%
13 62 000 Żory
71%
2 36 000 Knurów
57%
3 6 100 Koniecpol
57%
3 20 000 Łaziska Górne
57%
2 20 000 Rydułtowy
57%
5 5 500 Siewierz
57%
5 3 600 Strumień
57%
2 4 600 Kuźnia Raciborska
43%
3 7 200 Łazy
43%
2 22 000 Orzesze
43%
6 2 000 Pilica
43%
4 13 000 Pszów
43%
3 17 000 Radlin
43%
4 6 900 Sławków
43%
5 3 800 Szczekociny
43%
3 5 300 Szczyrk
43%
3 9 400 Wojkowice
43%
2 13 000 Blachownia
29%
3 9 100 Imielin
29%
3 2 400 Koziegłowy
29%
4 4 500 Ogrodzieniec
29%
4 3 500 Toszek
29%
4 3 200 Wilamowice
29%
2 4 300 Żarki
29%
6 1 000 Janów
14%
3 8 200 Kalety
14%
3 2 000 Krzanowice
14%
2 4 200 Krzepice
14%
4 2 500 Olsztyn
14%
2 8 700 Poręba
14%
3 17 000 Pyskowice
14%
5 2 000 Sośnicowice
14%
7 1 100 Włodowice
14%
2 4 100 Woźniki
14%
5 1 100 Przyrów
0%
Nie znaleziono quizów pasujących do podanych kryteriów
Rozkład punktacji
Procent ludzi z każdym wynikiem
Percentyl według liczby udzielonych odpowiedzi
Twoja historia wyników
Nie rozwiązałeś tego quizu